Žádný strach z přehřátí Makroekonomická prognóza 1995-1996
Ekonomické oživenie v Českej republike v roku 1994. Hospodársky vývoj ČR v medzinárodnom porovnaní s krajinami strednej a východnej Európy. Faktory oživenia. Vývoj vnútorného a vonkajšieho dopytu. Inflácia a menový vývoj. Možnosti akcelerácie ekonomického rastu.
Salvato in:
| Autore principale: | |
|---|---|
| Natura: | Capitolo di libro |
| Lingua: | ceco |
| Soggetti: | |
| Tags: |
Nessun Tag, puoi essere il primo ad aggiungerne!!
|
MARC
| LEADER | 00000naa a2200000 4500 | ||
|---|---|---|---|
| 001 | r024705 | ||
| 005 | 20221205101453.7 | ||
| 041 | 0 | |a cze | |
| 044 | |a CZ | ||
| 245 | 1 | 0 | |a Žádný strach z přehřátí |b Makroekonomická prognóza 1995-1996 |c Růžena Vintrová |
| 520 | |a Ekonomické oživenie v Českej republike v roku 1994. Hospodársky vývoj ČR v medzinárodnom porovnaní s krajinami strednej a východnej Európy. Faktory oživenia. Vývoj vnútorného a vonkajšieho dopytu. Inflácia a menový vývoj. Možnosti akcelerácie ekonomického rastu. | ||
| 610 | 2 | 0 | |a vývoj hospodársky |
| 610 | 2 | 0 | |a rast hospodársky |
| 610 | 2 | 0 | |a dopyt |
| 610 | 2 | 0 | |a inflácia |
| 610 | 2 | 0 | |a mena |
| 610 | 2 | 0 | |a Česko |
| 610 | 2 | 0 | |a prognózy hospodárske |
| 610 | 2 | 0 | |a 1995-1996 |
| 100 | 1 | |a Vintrová, Růžena | |